000 00286 a2200121 4500
000 nam a22 7a 4500
005 20251203111101.0
020 _a9789773415355
100 _aZarok, Al-Hussain
_9853997
245 _aNasusunnaqad al-adabi
260 _bAl-Saqafa
_c2011
942 _cTB
999 _c1465771
_d1465771